000 00317pam a2200133 a 4500
020 _c
041 _h
082 _a741.6
_bNEW
100 _aJohn Jonathan Newey .
245 _aHow to Draw Wild Animals
_hTextual Documents
260 _a[s.l]:
_bSearch press U.K. ,
_c2015.
300 _a32:
_bpaper.
930 _a7459
999 _c241249
_d241249